000 00530nam a2200169 4500
008 180123b xxu||||| |||| 00| 0 eng d
020 _a0-17-602662-2
082 _21989
_aDC 510
_bEb7m
100 _925773
_aEbos, Frank
245 _aMath matters/
_cFrank Ebos, Elizabeth Milne, Paul Zolis, and Wendy Swonnell.
260 _aCanada:
_bNelson Canada;
_c ©1989.
300 _a380 pages:
_bcolor illustration;
_c24 cm.
500 _aIncludes index.
650 0 _925909
_aMathematics
700 _925775
_aEbos, Frank
942 _2ddc
_cDC
999 _c8335
_d8335